[Event "EU-chT (Men) 21st"]
[Site "Heraklion"]
[Date "2017.11.06"]
[Round "9.2"]
[White "Nepomniachtchi, Ian"]
[Black "Meier, Georg"]
[Result "1-0"]
[WhiteElo "2733"]
[BlackElo "2655"]
[Annotator "Marin,M"]
[PlyCount "171"]
[EventDate "2017.10.28"]
[EventType "team-swiss"]
[EventRounds "9"]
[EventCountry "GRE"]
[SourceTitle "CBM 182"]
[Source "ChessBase"]
[SourceDate "2018.01.17"]
[SourceVersion "1"]
[SourceVersionDate "2018.01.17"]
[SourceQuality "1"]
[WhiteTeam "Russia"]
[BlackTeam "Germany"]
[WhiteTeamCountry "RUS"]
[BlackTeamCountry "GER"]

1. e4 e6 2. d4 d5 3. Nc3 dxe4 4. Nxe4 Nd7 5. Nf3 Ngf6 6. Nxf6+ Nxf6 7. g3 $5 {
A relatively rare continuation, aiming to get some Catalan type move against
the enemy queenside.} (7. Bd3 {and}) (7. Bg5 {are more in the spirit of the 1.
e4 lines, but also heavily analysed.}) 7... b6 {Black reacts in the spirit of
the Queen's Indian Defence preparing to neutralise the pressure along the long
diagonal.} (7... c5 {allows White to prove the rightness of his general idea:}
8. Bg2 cxd4 9. Qxd4 Qxd4 10. Nxd4 Bc5 11. Nb3 Bd6 12. Be3 Nd5 13. Bd4 $16 {
Gofshtein,L (2519)-Finkel,A (2485) Tel Aviv 2002 CBM 093 [Gofshtein,L] (1-0,
22)}) 8. Bb5+ $5 {Switching to different play. Both bishops will now develop
on other diagonals than initially intended.} (8. Ne5 {Bezgodov,A (2576)
-Polovodin,I (2434) St Petersburg 2000 CBM 076 [Finkel,A] (1/2-1/2, 20)}) (8.
Bg2 Bb7 9. O-O {leads to peaceful play.} Bd6 ({More active than} 9... Be7 10.
c4 O-O {Shirov,A (2725)-Anand,V (2782) Mainz 2004 CBM 103 [Finkel,A] (1/2-1/2,
41)}) 10. Qe2 O-O 11. Rd1 h6 12. c4 Qe7 {Harikrishna,P (2698)-Giri,A (2720)
Wijk aan Zee 2013 CBM 153 (1-0, 59) [Sumets,A], This is the point: Black can
develop his queen comfortably,}) 8... Bd7 9. a4 (9. Bxd7+ {simplifies Black's
play.} Nxd7 ({Probably more accurate than} 9... Qxd7 10. O-O c5 11. Qe2 Rc8 12.
Bg5 c4 13. Ne5 Qxd4 14. Rfe1 $36 {Vallejo Pons,F (2700)-Ivanchuk,V (2753)
Havana 2014 CBM 161 (1/2-1/2, 28) [RR]}) 10. O-O Bd6 11. Bg5 Qc8 {The start of
a long queen manoeuvre,} 12. Qe2 O-O 13. Rad1 Re8 14. Rfe1 h6 15. Bc1 Qb7 16.
Rd3 Rad8 17. Red1 Qa6 18. a3 Qb5 19. b3 Qh5 {Finaly the queen has reached an
active position.} 20. Bb2 b5 21. c4 bxc4 22. bxc4 Rb8 {Bruzon Batista,L (2664)
-Meier,G (2646) Tromsoe 2014 (½-½, 32), with enough counterplay.}) ({Meier
had successfully defended Black's point of view after} 9. Be2 Bc6 10. O-O Bd6
11. Ne5 Bxe5 12. dxe5 Qxd1 13. Rxd1 Nd7 14. f4 O-O-O 15. Be3 {Vachier Lagrave,
M (2718)-Meier,G (2653) Khanty-Mansiysk 2009 (½-½, 67), but the ending
surely offers White chances due to his space advantage and two bishops. Black
mainly relies on the absence of weaknesses and stablity on the light squares.})
9... a6 10. Be2 Bc6 {It is not entirely clear whether the insertion of the
pawn moves favours White. The a6-pawn is hanging in some lines, but Black
might get the b4-square for his minor pieces.} 11. O-O Be7 $146 {A new way of
developing the bishop, not only for this concrete line, but also for it
without the insertion of the pawn moves!} ({Possibly, Meier was not satisfied
with his position against Vachier so he did not wish to give away the bishop
pair again.} 11... Bd6 12. Ne5 Bxe5 13. dxe5 Qd5 14. Qxd5 Nxd5 15. a5 {This is
a moment when in principle the pawn moves favour White. But in the game below
it was not enough to prove anything concrete.} b5 16. Bd2 O-O-O 17. Rfd1 (17.
c4 {looks tempting but Black can use the b5-square for building up a reliable
fortress.} bxc4 18. Bxc4 Kb7 19. Rfc1 Bb5 20. Bxb5 axb5 21. a6+ Kb6 22. Ba5+
Ka7 23. Rc5 (23. Bxc7 Rc8 24. Bd6 Rxc1+ 25. Rxc1 Kxa6 $11) (23. Rc6 Rd7) (23.
Be1 g5 24. f3 Rc8 25. Bf2+ Ka8) 23... Rc8 24. Rxb5 Rb8 25. Rc5 (25. Rxb8 Rxb8
26. Ra2 Rb3 27. Kf1 c5 {[%cal Ga7a6]} 28. Be1 Rb6 $11) 25... Rhc8 26. Ra2 c6 {
and Black does not seem in danger.}) 17... Rd7 18. f3 Rhd8 19. Kf2 Ne7 20. Bg5
Rxd1 21. Rxd1 Rxd1 22. Bxd1 Ng6 23. f4 h6 24. Bh4 Nxh4 25. gxh4 f5 {Quite a
brave decision. Black starts placing all his pawns on light squares, as there
will be no way for the white king to break through.} 26. Ke3 Be8 27. Kd4 c6 $1
({The key move as otherwise Black will be gradually pushed against the wall.} 
27... h5 $2 28. Kc5 g6 29. Bf3 Kb8 30. Bc6 Bf7 31. c4 bxc4 32. Kxc4 Ka7 33. Kc5
Kb8 34. b4 Ka7 35. b5 axb5 36. Kxb5 Kb8 37. a6 Ka7 38. Bd7 Kb8 39. Kc6 $18) 28.
Kc5 Kc7 29. Bf3 h5 30. c4 g6 31. b4 {1/2-1/2 Morozevich,A (2694)-Pelletier,Y 
(2590) Biel 2011}) 12. Ne5 Bb7 13. c4 {Somehow this does not fit so well
optically with a2-a4, but there doesn't seem to be anything better.} (13. a5 b5
{offers Black stability on the light squares.}) 13... Nd7 {Immediately
starting to undermine White's outpost.} ({Delaying this action is at least
risky:} 13... O-O $6 14. Bf3 Qc8 15. Bc6 Bd6 16. Qf3 Bxc6 17. Nxc6 $16) 14. Bf3
{The only way to keep some pressure.} (14. Nf3 c5 $11) 14... Bxf3 15. Qxf3 Nxe5
16. dxe5 O-O 17. Rd1 Qe8 {Keeping the c6-square defended. In principle this is
the kind of position where Black should draw with accurate play, which
actually is the main aim of most of these 3...dxe4 lines. But when the
position is just slightly unpleasant for a very long time, there is a risk of
going wrong. Just once is enough, as later happened in the game.} (17... Qc8
18. Qc6 Rd8 19. Be3 $14 {offers White some pressure.}) 18. Be3 (18. Qb7 Rd8 19.
Rxd8 (19. Be3 Rxd1+ 20. Rxd1 Qxa4 $11) 19... Qxd8 20. Be3 a5 $11) 18... Bb4 {
Probably the best. Black prepares to complete his development with ...Qe7.} (
18... Rd8 19. Rxd8 Qxd8 20. a5 $14) (18... a5 19. Qb7 Rc8 (19... Qc8 20. Qc6
$14) 20. c5 $14) 19. h4 h6 (19... Qe7 20. Qc6 Rad8 21. Bg5 Rxd1+ 22. Rxd1 Qc5
23. Qxc5 Bxc5 24. Bd8 f6 $1 (24... c6 25. a5 bxa5 26. Bxa5 Rb8 27. b4 Be7 28.
Rd7 Kf8 29. c5 $16) 25. exf6 (25. Bxc7 fxe5 26. Rd2 Bd4 {looks holdable for
Black.}) 25... Rf7 26. Be7 Bxe7 27. fxe7 Rxe7 28. Rd8+ Kf7 29. Kg2 Re8 {
Black cannot tolerate the enemy rook in his territory but over the board it is
not easy going to such a pawn ending. In fact, it may be just lost:} 30. Rxe8
Kxe8 31. Kf3 Ke7 32. Ke4 h5 (32... Kd6 33. h5 Kd7 34. Ke5 a5 35. f3 Ke7 36. g4
c6 37. f4 c5 38. b3 Kd7 (38... h6 39. g5 $18) 39. h6 $18) 33. Ke5 a5 34. f3 c6
35. Ke4 (35. g4 g5 $1) 35... Kd6 36. g4 Kc5 37. Ke5 Kxc4 38. gxh5 c5 39. Kxe6
Kb3 40. Kf7 c4 41. Kxg7 Kxb2 42. h6 c3 43. h7 c2 44. h8=Q c1=Q 45. Qd8 {
with every chance to win.}) 20. Rd4 Bc5 {Simplifying looks tempting, but it
weakens Black's stability on the dark squares.} (20... Qe7 $5 21. Rg4 $6 Kh8
$11) 21. Rg4 Bxe3 22. Qxe3 Kh8 23. c5 {Finally White has got something more
concrete. Black will face permanent queenside troubles, even though not big
ones for the moment.} Qc6 ({Actually it is hard to say why Meier rejected} 
23... b5 $5 {keeping his structural integrity.}) 24. cxb6 Qxb6 $6 {Again a
curious decision.} ({After the normal} 24... cxb6 25. Rc1 Qb7 26. Rd4 Rac8 {
Black gets the control of one of the open files and even though his pawns are
still vulnerable he should count on reaching a draw.}) 25. Qc3 Rfd8 {Black
keeps playing passively.} (25... c5 {would have soon provoked a moment of
crisis but not solved Black's problems.} 26. Rc4 Rab8 27. Rb1 Rfc8 28. b4 Qc7 {
The mutual pin has complex implications but in principle White has more
possibilities of regrouping.} 29. Kh2 (29. Rxc5 Qxc5 30. bxc5 Rxb1+ 31. Kg2 Rb7
32. Qa5 Rbc7 33. Qxa6 Rxc5 $11 {with a probable draw.}) 29... cxb4 ({Better
than the passive} 29... Kg8 30. a5 Qc6 31. Qc2 Rb5 32. Rc1 $16 {winning the
pawn soon.}) 30. Rbxb4 Qd8 31. Rxb8 Rxb8 32. Rc7 Kg8 33. a5 $14 {with
unpleasant domination.}) 26. Rc4 Rd7 27. Rc1 Rb8 28. b4 $14 {White has
stabilised the position which has turned one-sided.} Kg8 (28... h5 $6 29. Qf3
g6 30. g4 $40) (28... Qb7 29. Rxc7 Rxc7 30. Qxc7 Qxc7 31. Rxc7 Rxb4 32. Rxf7
$16) 29. h5 Qb7 30. Kh2 Qd5 31. Qe3 Qd2 {There was no need to go to the ending.
} (31... Rbd8 {looks better, when White will not find it easy to exchange
queens, for instance} 32. Qe4 $6 Qxe4 33. Rxe4 Rd4 $11) 32. Qxd2 Rxd2 33. Rf4
Rb7 34. Kg2 Rd5 35. Rc6 ({White has no time to defend the e5-pawn as this
would allow the black king to approach} 35. Re4 Kf8 36. Rc6 Ra7 37. f4 Ke7 $11)
35... Rxe5 {Black grabs material, which should be good enough.} ({But} 35...
Ra7 {also looks entirely satisfactory.} 36. Rfc4 Rxe5 37. Rxc7 Rxc7 38. Rxc7
Re4 39. Rb7 a5 40. Kf3 f5 41. bxa5 Rxa4 42. Ra7 e5 43. a6 Ra2 44. Ke3 Kh7 $11 {
with a probable draw.}) 36. Rxa6 Rxh5 37. b5 $44 {White has obvious
compensation for the pawn. His queenside majority is threatening and his rooks
are better coordinated. Black's pawn chain is not too mobile for the time
being.} g6 38. Ra8+ Kg7 39. Re8 {[%cal Ge8e7]} c6 $1 {A well-timed move.} (
39... Rf5 40. Rc4 $18 {[%cal Ge8c8]}) 40. bxc6 Rc7 41. Rc4 Kf6 42. Ra8 Ke7 43.
a5 Kd6 44. Rd8+ Ke7 45. Ra8 Kd6 46. Ra4 Kxc6 47. a6 {The a-pawn is quite
threatening even though the enemy king is close.} Kb6 48. Rb4+ Kc6 49. a7 Ra5
50. Rc4+ Kb7 51. Rxc7+ Kxa8 52. Rxf7 $14 {Play has calmed down and Black's
position remains unpleasant.} h5 (52... Rxa7 $2 {loses:} 53. Rxa7+ Kxa7 54. Kf3
Kb6 55. Ke4 Kc6 56. Ke5 Kd7 57. Kf6 g5 58. Kg6 $18) 53. Rh7 ({Another attempt
is} 53. Kh3 g5 54. Rh7 h4 $1 55. gxh4 gxh4 56. Kxh4 {The position remains
relatively dangerous, but Black draws with some accuracy.} Rf5 57. Kg3 Rg5+ 58.
Kf3 Rf5+ 59. Ke3 Re5+ 60. Kf4 Rf5+ 61. Ke3 Re5+ 62. Kf3 Rf5+ 63. Ke2 Re5+ 64.
Kf1 Ra5 $1 ({The automatic} 64... Rf5 $4 {keeping the defensive "system" is
wrong:} 65. Re7 $18 Re5 66. f3 $1 $18 {and the king starts approaching. One
important problem is that Black does not have reserve tempi with his king,
creating the danger of zugzwang.}) 65. Ke2 Rxa7 $11) 53... Rxa7 $1 {The extra
tempo ...h5 saves Black in the pawn ending.} 54. Rh8+ (54. Rxa7+ $6 Kxa7 55.
Kf3 g5 56. Ke4 Kb7 57. f4 {The only move which does not lose!} g4 58. f5 exf5+
59. Kxf5 h4 60. Kxg4 hxg3 61. Kxg3 {:)}) 54... Kb7 55. Rh6 Kc6 ({A simpler way
to a draw was} 55... g5 56. Rxh5 g4 57. Re5 Kc6 58. Rxe6+ Kd5 59. Rg6 Ra4 $11)
56. Rxg6 Kd6 57. Kh3 Ra1 58. Rh6 Ke7 59. Rxh5 {The endgame is a theoretical
draw, but Black needs to defend during another long sequence. Eventually
Meier's nerves will crack.} Kf6 60. Rh6+ Kf7 61. Kh4 Re1 62. Kg4 Kg7 63. Rh5
Kg6 64. f4 Rg1 65. Re5 Kf6 66. Kf3 Rf1+ 67. Kg2 Ra1 68. g4 Ra3 69. Kf2 Ra1 70.
Re3 Rb1 71. Kf3 Rb5 72. Kg3 Ra5 73. Rb3 Ra1 74. g5+ Kf5 75. Rb5+ Kg6 76. Re5
Kf7 77. Re3 Ra4 78. Kf3 Rb4 79. Ra3 Rc4 $2 {Just one real mistake in the whole
game. But it is just enough.} (79... Rb1 $11) (79... Kg6 80. Ra6 Kf5 $11) 80.
Ra7+ Kf8 ({Or if} 80... Kg6 81. Re7 Rc6 82. Kg4 Rb6 83. Rxe6+ $1 Rxe6 84. f5+
Kf7 85. fxe6+ Kxe6 86. Kh5 $18) 81. g6 Rc1 82. Kg4 Rg1+ 83. Kh5 Kg8 84. Kh6
Rh1+ 85. Kg5 Rf1 86. Re7 1-0